000 00428nam a2200169Ia 4500
008 221030s9999 xx 000 0 und d
020 _a0074622318
041 _aEnglish
082 _a105.23
_bMal
100 _aA. P. Malvino
245 0 _aDigital Principles & Applications
_cby A. P. Malvino, D. P. Leach
260 _bTMH
_aNew Delhi
_c2000
300 _a540
650 _aBE Computer
700 _aD. P. Leach
942 _cBK
999 _c2410
_d2410